Загрузка...

Ajanta /

Библиографические подробности
Главный автор: Jamkhedkar, A. P. (Aravinda Prabhakar)
Формат: Printed Book
Язык:English
Опубликовано: New Delhi : Oxford University Press, 2009.
Серии:Monumental legacy
Предметы:
LEADER 00692cam a22002054a 4500
005 20151209153138.0
008 151209b xxu||||| |||| 00| 0 eng d
020 |a 9780195697858 
020 |a 0195697855 
082 |a 732.44 JAM 
100 1 |a Jamkhedkar, A. P.  |q (Aravinda Prabhakar), 
245 1 0 |a Ajanta /  |c Arvind P. Jamkhedkar 
260 |a New Delhi :  |b Oxford University Press,  |c 2009. 
300 |a 99p. 
440 |a Monumental legacy 
650 |a World heritage sites 
650 |a Heritage 
942 |2 ddc  |c BK 
999 |c 13245  |d 13245 
952 |0 0  |1 0  |2 ddc  |4 0  |6 732_440000000000000_JAM  |7 0  |9 18913  |a MAIN  |b MAIN  |d 2015-12-09  |e Mathrubhumi Books  |g 395.00  |o 732.44 JAM  |p 19057  |r 2015-12-09  |t 1  |w 2015-12-09  |y BK